000 00939nam a2200277Ia 4500
003 OSt
005 20221005103700.0
006 a|||||r|||| 00| 0
007 ta
008 221004b |||||||| |||| 00| 0 hin d
020 _a97893800530 (hbk)
_cIndian Rupees 400
024 _a38831
037 _bGift, 23/08/2018,
_cTextual
040 _aCRL
_cCRL
_bhin
041 _2hin
_ahin
082 _aO152,3NLA,SA, Q0
100 _aलाहड़, नरेन्द्र, ले.
245 0 _aसरपंच
246 _aSarapancha
260 _aदिल्ली
_bअनुभव प्रकाशन भारत
_c2010
300 _a288पृ0
_ccm.
650 _a हिन्दी साहित्य
650 _aहिन्दी कहानी
942 _hO152,3NLA,SA, Q0
_cTEXL
_2cc
999 _c1010609
_d1010609